000 00803nam a2200217Ia 4500
005 20240530110941.0
008 140319s2021 ua dhf f 000 0 ara d
017 _a2020/13417
_bمصر. دار الكتب
020 _a9789776784826
040 _aGCL /
_cGCL
082 0 4 _221
_a371.35
_bع م
100 0 _aعبدالجواد بكر
245 1 0 _aمنظومة التعليم من بعد المستفيد من عصر COVID-19 /
_cعبدالجواد بكر
250 _aط. 1
260 _aالاسكندرية :
_bدار الوفاء لدنيا الطباعة و النشر،
_c2021.
300 _a424 ص. :
_bايض ؛
_c24 سم.
650 0 7 _aالتعليم عن بعد
650 0 7 _aتكنولوجيا التعليم
942 _2ddc
_cBK
999 _c66822
_d66822